A Türk Telekom International HU Kft. költség- és eredményalakulásának elemzése, piaci helyzetének értékelése

Bibliographic Details
Main Author: Fellegvári Anett
Other Authors: Borzán Dr. Anita
Format: Thesis
Kulcsszavak:Türk Telekom International HU Kft
eredményalakulás
piaci helyzet
Online Access:http://dolgozattar.uni-bge.hu/13974

MARC

LEADER 00000nta a2200000 i 4500
001 dolg13974
005 20171213112903.0
008 171213suuuu hu om 000 hun d
040 |a BGE Dolgozattár Repozitórium  |b hun 
041 |a hu 
100 1 |a Fellegvári Anett 
245 1 2 |a A Türk Telekom International HU Kft. költség- és eredményalakulásának elemzése, piaci helyzetének értékelése  |c Fellegvári Anett  |h [elektronikus dokumentum] 
695 |a Türk Telekom International HU Kft 
695 |a eredményalakulás 
695 |a piaci helyzet 
700 1 |a Borzán Dr. Anita  |e ths 
856 4 0 |u http://dolgozattar.uni-bge.hu/13974/1/Szakdolgozat_J2YF0C.pdf  |z Dokumentum-elérés 
856 4 0 |u http://dolgozattar.uni-bge.hu/13974/7/Titkos%C3%ADt%C3%A1s_TTIHU_2017.pdf  |z Dokumentum-elérés